La Frontera catalano-aragonesa : estudi geogràfico-lingüístic / per Antoni Griera i Gaja estudi geogràfico-lingüístic / per Antoni Griera i Gaja
Descripción Física:
122 p., 3 map. pleg. ; 25 cm
Colección:
Biblioteca filològica ; 4
MARC
| LEADER | 00000nam a2200000Ia 4500 | ||
|---|---|---|---|
| 001 | 7863 | ||
| 008 | 160829s1914 xx 000 0 cat d | ||
| 710 | 2 | |a Institut d'Estudis Catalans |9 52284 | |
| 710 | 1 | |a Barcelona (Catalunya : Província). |b Diputació |9 52408 | |
| 952 | |0 0 |1 0 |4 0 |6 L132 |7 1 |9 45903 |a Arxiu |b Arxiu |d 2016-12-01 |l 0 |o L-1-32 |p 7863 |r 2016-12-01 00:00:00 |w 2016-12-01 |y ARXIU | ||
| 999 | |c 49404 |d 49404 | ||
| 080 | |a L-1-32 | ||
| 100 | 1 | |a Griera, A. |q (Antoni), |d 1887-1973 |9 36434 | |
| 245 | |a La Frontera catalano-aragonesa : |b estudi geogràfico-lingüístic / per Antoni Griera i Gaja | ||
| 260 | |a Barcelona : |b Institut d'Estudis Catalans. Palau de la Diputació, |c 1914 | ||
| 300 | |a 122 p., 3 map. pleg. ; |c 25 cm | ||
| 490 | |a Biblioteca filològica ; 4 | ||
| 590 | |a A la portada: Memòria doctoral presentada a la secció 1a de l'Alta Facultat de Filosofia de la Universitat de Zürich. | ||
| 590 | |a Bibliografia. | ||
| 590 | |a Índex | ||
| 650 | |a Català |x Franja de Ponent |9 32200 | ||
| 650 | |a Sociolingüística |x Franja de Ponent |9 32201 | ||
| 901 | |a Arxiu | ||
| 942 | |n 1 |2 udc | ||